[Event "Continental Class Ch."]
[Site "Arlington, VA"]
[Date "2010.10.11"]
[Round "8"]
[White "Pillai, Kadhir"]
[Black "Bodek, Michael"]
[Result "0-1"]
[WhiteElo "1991"]
[BlackElo "2207"]
[PlyCount "102"]
[EventDate "2010.10.??"]
[Source "MonRoi"]

1. e4 c5 2. Nf3 d6 3. d4 cxd4 4. Nxd4 Nf6 5. Nc3 g6 6. Be3 Bg7 7. h3 O-O 8. Bc4
a6 9. Bb3 b5 10. O-O Bb7 11. f3 Nbd7 12. a4 bxa4 13. Bxa4 Qc7 14. Ra3 Nc5 15.
b4 Nxa4 16. Nxa4 d5 17. Rc3 Qb8 18. Nb6 dxe4 19. Nxa8 Qxa8 20. fxe4 Bxe4 21.
Nf3 Nd5 22. Rb3 Nxe3 23. Rxe3 Qa7 24. Rfe1 Bxf3 25. Qxf3 Bd4 26. Kh1 Bxe3 27.
Qxe3 Qxe3 28. Rxe3 e6 29. Ra3 Rc8 30. Rxa6 Rxc2 31. b5 Kg7 32. Kh2 Kf6 33. Kg3
Rb2 34. Rb6 Ke5 35. Rb7 f5 36. Kf3 Rb3+ 37. Kf2 Kf4 38. Re7 Rb2+ 39. Kf1 e5 40.
Rxh7 Rxb5 41. Rg7 Ke3 42. Kg1 Rb6 43. h4 e4 44. Re7 Ke2 45. g4 Kf3 46. gxf5
gxf5 47. Ra7 f4 48. Ra1 Kg3 49. h5 e3 50. Kf1 f3 51. Rc1 Rb2 0-1

[Event "Continental Class Ch."]
[Site "Arlington, VA"]
[Date "2010.10.11"]
[Round "8"]
[White "Holroyd, Kenneth"]
[Black "Williams, Justus"]
[Result "0-1"]
[WhiteElo "2120"]
[BlackElo "2155"]
[PlyCount "76"]
[EventDate "2010.10.??"]
[Source "MonRoi"]

1. d4 Nf6 2. c4 e6 3. g3 d5 4. Nf3 dxc4 5. Bg2 b5 6. Ne5 Nd5 7. O-O Bb7 8. b3
cxb3 9. axb3 a6 10. Bb2 Nd7 11. e4 N5f6 12. Qe2 Nxe5 13. dxe5 Nd7 14. Nd2 Nc5
15. Rad1 Qd3 16. Qh5 g6 17. Qg5 Be7 18. Qg4 h5 19. Qf4 g5 20. Qf3 Qxf3 21. Bxf3
Nd3 22. Ba1 O-O-O 23. Be2 Bc5 24. Kg2 Bb4 25. Kg1 Bxd2 26. Rxd2 Bxe4 27. Rfd1
Nc5 28. Rxd8+ Rxd8 29. b4 Nb3 30. Bc3 g4 31. Re1 Bf5 32. h4 Nd4 33. Kf1 Nc6 34.
f3 gxf3 35. Bxf3 Rd3 36. Bxc6 Rxc3 37. Be8 Bg6 38. Rd1 Rxg3 0-1

[Event "Continental Class Ch."]
[Site "Arlington, VA"]
[Date "2010.10.11"]
[Round "9"]
[White "Stripunsky, Alexander"]
[Black "Perelshteyn, Eugene"]
[Result "1/2-1/2"]
[WhiteElo "2583"]
[BlackElo "2528"]
[PlyCount "119"]
[EventDate "2010.10.??"]
[Source "MonRoi"]

1. d4 Nf6 2. c4 g6 3. Nc3 Bg7 4. e4 d6 5. Nge2 O-O 6. f3 c5 7. d5 e6 8. Ng3
exd5 9. cxd5 a6 10. a4 Nbd7 11. Be2 Ne8 12. O-O Rb8 13. Bf4 Qb6 14. Rb1 Qb4 15.
Qc1 c4 16. Kh1 b5 17. Bd2 bxa4 18. Na2 Qb7 19. Nb4 Nc5 20. Bxc4 Bd7 21. Nc6
Bxc6 22. dxc6 Qxc6 23. Bh6 Ne6 24. Bxg7 N8xg7 25. Bxe6 Qxc1 26. Bxf7+ Rxf7 27.
Rbxc1 Rxb2 28. Ra1 Rb4 29. Rfd1 Rfb7 30. Nf1 Ne6 31. Ne3 Nc5 32. h4 Kf7 33. Kh2
Ke6 34. Nd5 Rc4 35. Nf4+ Ke7 36. Nd5+ Kf7 37. Nf4 Rb6 38. Ra2 Rcb4 39. Rdd2 Rb3
40. Nd5 Rb7 41. Nf4 Ke7 42. Nd5+ Ke6 43. Nf4+ Ke5 44. Ne2 Rd3 45. Rxd3 Nxd3 46.
Rxa4 Rb2 47. Ra5+ Nc5 48. Nc3 Kd4 49. Nd5 Rb5 50. Ra1 a5 51. Rd1+ Kc4 52. Rc1+
Kd3 53. Rd1+ Kc2 54. Ne3+ Kc3 55. Rxd6 a4 56. e5 a3 57. e6 Nxe6 58. Rxe6 a2 59.
Ra6 Kb3 60. Kg3 1/2-1/2

[Event "Continental Class Ch."]
[Site "Arlington, VA"]
[Date "2010.10.11"]
[Round "9"]
[White "Kudrin, Sergey"]
[Black "Yang, Darwin"]
[Result "1-0"]
[WhiteElo "2546"]
[BlackElo "2402"]
[PlyCount "81"]
[EventDate "2010.10.??"]
[Source "MonRoi"]

1. e4 e6 2. d4 d5 3. Nd2 c5 4. exd5 exd5 5. Ngf3 Nc6 6. Bb5 Bd6 7. dxc5 Bxc5 8.
O-O Nge7 9. Nb3 Bd6 10. Re1 O-O 11. Bg5 h6 12. Bh4 Bg4 13. Bg3 Rc8 14. c3 a6
15. Be2 Re8 16. Nfd4 Bxe2 17. Qxe2 Qd7 18. Qd3 Ng6 19. Nxc6 Qxc6 20. Nd4 Qb6
21. Re2 Rxe2 22. Qxe2 Bc5 23. Nb3 d4 24. Qg4 Rd8 25. Qf5 Be7 26. cxd4 Bf6 27.
Rc1 Qb4 28. h3 Qa4 29. Rc8 Qxa2 30. Rxd8+ Bxd8 31. Qc8 Qxb3 32. Qxd8+ Kh7 33.
d5 Qxb2 34. d6 Qd4 35. Qe8 Nf4 36. d7 Ne6 37. Qxf7 Nf8 38. Qxf8 Qxd7 39. Qc5 b5
40. Qb6 Qc8 41. Be5 1-0

[Event "Continental Class Ch."]
[Site "Arlington, VA"]
[Date "2010.10.11"]
[Round "9"]
[White "Lenderman, Aleksandr"]
[Black "Ostrovskiy, Aleksandr"]
[Result "0-1"]
[WhiteElo "2559"]
[BlackElo "2243"]
[PlyCount "66"]
[EventDate "2010.10.??"]
[Source "MonRoi"]

1. d4 d5 2. c4 c6 3. Nf3 Nf6 4. Nc3 dxc4 5. e3 b5 6. a4 b4 7. Na2 e6 8. Bxc4
Be7 9. O-O O-O 10. Qe2 a5 11. Bd2 Nbd7 12. Rfd1 Bb7 13. Nc1 c5 14. Nb3 Rc8 15.
Rac1 Qb6 16. Be1 Rfd8 17. Bb5 cxd4 18. Nfxd4 Nc5 19. Nxc5 Bxc5 20. Nb3 Be7 21.
Rxc8 Rxc8 22. Nd2 Qc7 23. Ba6 Bxa6 24. Qxa6 Rd8 25. Qe2 Qc2 26. Kf1 Ne4 27. f3
Nc3 28. bxc3 bxc3 29. Nb1 Qxd1 30. Nxc3 Qc1 31. Qc4 Qxe3 32. Qc7 Qd3+ 33. Kf2
Bb4 0-1

[Event "Continental Class Ch."]
[Site "Arlington, VA"]
[Date "2010.10.11"]
[Round "9"]
[White "Gulamali, Kazim"]
[Black "Yanayt, Eugene"]
[Result "1/2-1/2"]
[WhiteElo "2344"]
[BlackElo "2153"]
[PlyCount "42"]
[EventDate "2010.10.??"]
[Source "MonRoi"]

1. e4 c5 2. Nf3 d6 3. d4 cxd4 4. Nxd4 Nf6 5. Nc3 a6 6. h3 e5 7. Nde2 Be6 8. g4
d5 9. g5 Nxe4 10. Nxe4 dxe4 11. Qxd8+ Kxd8 12. Bg2 Kc7 13. Bxe4 f5 14. gxf6
gxf6 15. Ng3 Nc6 16. Be3 Ne7 17. Bc5 Ng6 18. Bxf8 Rhxf8 19. O-O-O f5 20. Bd5
Bxd5 21. Rxd5 Rad8 1/2-1/2

[Event "Continental Class Ch."]
[Site "Arlington, VA"]
[Date "2010.10.11"]
[Round "9"]
[White "Zenyuk, Iryna"]
[Black "Aaron, Deepak"]
[Result "1/2-1/2"]
[WhiteElo "2271"]
[BlackElo "2177"]
[PlyCount "117"]
[EventDate "2010.10.??"]
[Source "MonRoi"]

1. d4 d5 2. c4 c6 3. Nc3 Nf6 4. cxd5 cxd5 5. Bf4 Nc6 6. e3 a6 7. Bd3 e6 8. Rc1
Be7 9. Nf3 O-O 10. O-O Bd7 11. h3 Qa5 12. Ne5 Rfd8 13. Bh2 Nxe5 14. Bxe5 b5 15.
Bb1 Ne8 16. Qd3 g6 17. Rfd1 Rac8 18. e4 b4 19. Ne2 Bb5 20. Qe3 Nd6 21. Bxd6
Rxc1 22. Nxc1 Rxd6 23. Nb3 Qb6 24. Nc5 Rd8 25. Rc1 dxe4 26. Bxe4 Bf6 27. Rd1
Rd6 28. Rd2 Bxd4 29. Rxd4 Qxc5 30. Rxd6 Qxd6 31. a3 bxa3 32. bxa3 Qe5 33. Bf3
Qxe3 34. fxe3 Kg7 35. Kf2 Kf6 36. g3 Ke5 37. Ke1 g5 38. h4 h6 39. hxg5 hxg5 40.
Bh5 f5 41. Bf3 Kd6 42. Kd2 e5 43. Kc3 e4 44. Bd1 Ke5 45. Kd2 f4 46. gxf4+ gxf4
47. exf4+ Kxf4 48. a4 e3+ 49. Ke1 Bd3 50. Be2 Bxe2 51. Kxe2 a5 52. Ke1 Ke4 53.
Ke2 Kd4 54. Ke1 Kd3 55. Kd1 Kc3 56. Ke2 Kb3 57. Kxe3 Kxa4 58. Kd2 Kb3 59. Kc1
1/2-1/2

[Event "Continental Class Ch."]
[Site "Arlington, VA"]
[Date "2010.10.11"]
[Round "9"]
[White "Black Jr, James"]
[Black "Adu, Oladapo"]
[Result "0-1"]
[WhiteElo "1963"]
[BlackElo "2237"]
[PlyCount "40"]
[EventDate "2010.10.??"]
[Source "MonRoi"]

1. d4 Nf6 2. c4 e6 3. Nc3 c5 4. d5 exd5 5. cxd5 Bd6 6. g3 O-O 7. Bg2 Bc7 8. Nf3
d6 9. O-O Ba5 10. Nd2 Re8 11. Nc4 Bxc3 12. bxc3 b5 13. Nd2 Qa5 14. Qc2 Rxe2 15.
Bb2 Nbd7 16. Bf3 Re8 17. Rfd1 Ne5 18. Bg2 Bg4 19. Re1 c4 20. Bf1 Nf3+ 0-1

[Event "Continental Class Ch."]
[Site "Arlington, VA"]
[Date "2010.10.11"]
[Round "9"]
[White "Itkis, Hana"]
[Black "Betaneli, Alex"]
[Result "0-1"]
[WhiteElo "2060"]
[BlackElo "2274"]
[PlyCount "66"]
[EventDate "2010.10.??"]
[Source "MonRoi"]

1. c4 e6 2. g3 d5 3. Bg2 Nf6 4. Nf3 dxc4 5. Qa4+ Nbd7 6. Qxc4 c5 7. O-O b6 8.
Ng5 Rb8 9. d4 h6 10. Ne4 Nxe4 11. Bxe4 Bd6 12. Nc3 a6 13. dxc5 bxc5 14. Rd1 Qc7
15. Qd3 Be5 16. f4 Bf6 17. Rb1 c4 18. Qc2 Nc5 19. Bg2 Bb7 20. Be3 Bxg2 21. Kxg2
Qc6+ 22. Kg1 O-O 23. Bd4 Be7 24. Qd2 Rfd8 25. Qe3 Nd3 26. exd3 Rxd4 27. Ne4
Rbd8 28. Rbc1 f5 29. Nf2 Bc5 30. Qe5 Rxd3 31. Rxd3 Rxd3 32. Re1 Rd2 33. Rf1 Qb6
0-1

[Event "Continental Class Ch. Expert"]
[Site "Arlington, VA"]
[Date "2010.10.10"]
[Round "4"]
[White "Fisher, William"]
[Black "Justice, David"]
[Result "1/2-1/2"]
[WhiteElo "2169"]
[BlackElo "2166"]
[PlyCount "55"]
[EventDate "2010.10.??"]
[Source "MonRoi"]

1. d4 d5 2. c4 c6 3. Nf3 Nf6 4. Nc3 e6 5. Bg5 dxc4 6. e4 b5 7. e5 h6 8. Bh4 g5
9. Nxg5 hxg5 10. Bxg5 Nbd7 11. exf6 Qa5 12. Be2 Bb7 13. f3 $146 O-O-O 14. a4 b4
15. Ne4 Nb6 16. Qc1 Ba6 17. Be3 Bd6 18. f4 Qf5 19. Nxd6+ Rxd6 20. b3 Qe4 21.
Bf3 Qd3 22. bxc4 Bxc4 23. Kf2 Bd5 24. Rd1 Qg6 25. Qc5 Rxh2 26. Qxd6 Bxf3 27.
Qf8+ Kc7 28. Qg7 1/2-1/2